000 00570nam a2200205Ia 4500
008 131103s9999 xx 000 0 und d
020 _a0 590 63474 7
_cRs.80.00
040 _aLoreto College
041 _aEnglish
082 _a920/BRA
_bLCBED/12375
100 _aFreedman, Russell
245 _aOut of darkness
_b the story of Louis Braille
_cRussell Freedman
260 _aNew York
_bScholastic
_c1998
300 _a81p.
_b ill.
_c 20cm.
504 _aIncludes index
650 _aBraille, Louis
651 _aBiography
850 _aLCBED/920/BRA
942 _cBK
999 _c30672
_d81151